01046nam a2200241Ia 4500001000600000003000900006008004100015040001300056040001300069041001300082100001700095100002900112245008900141245005700230250001100287260000900298260000800307260004900315300005700364500033100421650002100752650003100773C0327IT-RoPAU130308s9999 xx 000 0 und d aIT-RoPAU cIT-RoPAU aITALIANO aMidali Mario gCodice Aut. SPICS: 22216 aStatuto epistemologico della teologia pastorale e suoi rapporti con altre discipline bTeologia Pastorale (La)-Natura e Statuto Scientifico a1a ed. aROMA bAve c1993 [1° Ed.:1993 - Ed.Ling.Originale:1993] a"64 p. (prefazione: no ; testo: 64 [pagine: 21-84])" aAmbito Materiale. Oggetto Formale. itinerario Metodologico. Una Proposta: fase Kairologica, fase Progettuale, fase Strategica. Rapporti tra Teologia Pastorale e Altre Scienze: Storicità€ del Sapere Teologico, Rapporti con Singole Discipline Teologiche, Rapporti con Altre Scienze dell'Uomo. Segue Discussione Sulla Relazione. aTEORIA PASTORALE eCodice materia Spics: 9301